000
00324nam a2200133Ia 4500
008
191201s2002 xx 000 0 und d
082
_a
005.133
_b
TOF
100
_a
TOLEDO, Raman Mata
245
0
_a
Fundamentals of SQL Programming
260
_a
N.Delhi
_b
TMH
_c
2002
300
_a
314
650
_a
B.Tech(IT)
942
_2
ddc
_c
BK
999
_c
3307
_d
3307